[Event "UKR-ch qual"]
[Site "Alushta"]
[Date "2007.05.17"]
[Round "7"]
[White "Posokhov, Dmitry"]
[Black "Vdovichenko, Vladislav"]
[Result "1-0"]
[WhiteElo "2298"]
[BlackElo "2133"]
[PlyCount "127"]
[EventDate "2007.05.11"]
[EventType "swiss"]
[EventRounds "9"]
[EventCountry "UKR"]
[SourceTitle "EXT 2008"]
[Source "ChessBase"]
[SourceDate "2007.11.25"]
[SourceVersion "1"]
[SourceVersionDate "2007.11.25"]
[SourceQuality "1"]

1. f4 d5 2. Nf3 Nf6 3. g3 e6 4. Bg2 c5 5. 0-0 Nc6 6. d3 Be7 7. Qe1 d4 8. a4 0-0 9. Na3 Nd5 10. e4 dxe3 11. Bxe3 b6 12. Nc4 Bb7 13. Nfe5 Qc7 14. Rf2 Nxe3 15. Qxe3 Nd4 16. Re1 a6 17. Bxb7 Qxb7 18. c3 Nf5 19. Qe4 Qc7 20. Nxf7 Kxf7 21. Qxe6+ Ke8 22. g4 Nh4 23. Nxb6 Rd8 24. Nd5 Rxd5 25. Qxd5 Qd7 26. Qxc5 Qxg4+ 27. Kh1 Qd7 28. Qc4 Qb7+ 29. Qe4 Qxe4+ 30. Rxe4 Kd7 31. b4 Bd6 32. Kg1 Ng6 33. f5 Ne7 34. b5 axb5 35. axb5 Nxf5 36. d4 g6 37. c4 Be7 38. Ra2 Rc8 39. Ra7+ Kd8 40. c5 Bf6 41. c6 Rc7 42. Ra4 Re7 43. Ra8+ Kc7 44. Rxe7+ Nxe7 45. Ra7+ Kc8 46. Rd7 Nf5 47. d5 Bd4+ 48. Kg2 Bc5 49. Kf3 Nd4+ 50. Ke4 Nxb5 51. Rxh7 Bd6 52. h3 Nc3+ 53. Kd4 Ne2+ 54. Kd3 Nf4+ 55. Ke4 Nh5 56. Rh6 Nf4 57. h4 Kc7 58. Rh7+ Kc8 59. Rg7 Ne2 60. Rxg6 Kc7 61. Rg7+ Kb6 62. Rb7+ Kc5 63. c7 Nc3+ 64. Kd3 1-0

[Event "UKR-ch qual"]
[Site "Alushta"]
[Date "2007.05.16"]
[Round "6"]
[White "Varchenko, Grigory"]
[Black "Posokhov, Dmitry"]
[Result "1/2-1/2"]
[WhiteElo "2224"]
[BlackElo "2298"]
[PlyCount "71"]
[EventDate "2007.05.11"]
[EventType "swiss"]
[EventRounds "9"]
[EventCountry "UKR"]
[SourceTitle "EXT 2008"]
[Source "ChessBase"]
[SourceDate "2007.11.25"]
[SourceVersion "1"]
[SourceVersionDate "2007.11.25"]
[SourceQuality "1"]

1. e4 Nf6 2. e5 Nd5 3. d4 Nb6 4. f4 d5 5. Bd3 g6 6. Be3 Nc4 7. Bxc4 dxc4 8. Qe2 Be6 9. Nc3 c6 10. Nf3 Bd5 11. 0-0 e6 12. b3 cxb3 13. axb3 Be7 14. Na4 b5 15. Nc5 b4 16. Ra4 a5 17. Rfa1 Qb6 18. Nd2 Nd7 19. Nde4 Nxc5 20. Nxc5 Ra7 21. g4 h5 22. g5 0-0 23. Bf2 Rd8 24. h4 Kh7 25. Kh2 Kg8 26. Kh3 Rda8 27. Qe3 Qb5 28. Rd1 Rd8 29. Rda1 Kg7 30. Kh2 Kg8 31. Kg1 Rda8 32. Be1 Qb6 33. Kf2 Kg7 34. Bd2 Kg8 35. Kg3 Kh7 36. Kf2 1/2-1/2

[Event "UKR-ch qual"]
[Site "Alushta"]
[Date "2007.05.15"]
[Round "5"]
[White "Posokhov, Dmitry"]
[Black "Tukhaev, Adam"]
[Result "0-1"]
[WhiteElo "2298"]
[BlackElo "2466"]
[PlyCount "126"]
[EventDate "2007.05.11"]
[EventType "swiss"]
[EventRounds "9"]
[EventCountry "UKR"]
[SourceTitle "EXT 2008"]
[Source "ChessBase"]
[SourceDate "2007.11.25"]
[SourceVersion "1"]
[SourceVersionDate "2007.11.25"]
[SourceQuality "1"]

1. e4 c5 2. Nf3 d6 3. c3 Nf6 4. Be2 Nbd7 5. d3 b6 6. 0-0 Bb7 7. Re1 e6 8. Bf1 Be7 9. Nbd2 0-0 10. d4 cxd4 11. cxd4 d5 12. e5 Ne4 13. Bd3 Nxd2 14. Bxd2 a5 15. Rc1 Nb8 16. Qc2 h6 17. Qa4 Na6 18. Bb1 h5 19. a3 g6 20. Bd3 Kg7 21. Qb5 Nb8 22. Bb1 Ba6 23. Qb3 h4 24. h3 Rh8 25. Re3 Bc4 26. Qd1 a4 27. Nh2 Nc6 28. Qg4 Bg5 29. Rec3 Ra7 30. Nf3 Be7 31. Ne1 Bg5 32. Nf3 Be7 33. Re1 Rh5 34. Nh2 Qe8 35. Nf3 Qd8 36. Nh2 Bg5 37. Nf3 Bxd2 38. Nxd2 b5 39. Rf3 Qg5 40. Qxg5 Rxg5 41. Rf4 Rh5 42. Nf3 b4 43. axb4 Rb7 44. Bc2 Rxb4 45. Ra1 Bb5 46. Ra2 Na5 47. Nxh4 g5 48. Nf5+ exf5 49. Rxf5 Bd7 50. Rf6 Rh6 51. Rf3 Rxd4 52. Rg3 g4 53. hxg4 Rc6 54. Bf5 Rd1+ 55. Kh2 Rh6+ 56. Rh3 Rxh3+ 57. Kxh3 Bb5 58. e6 fxe6 59. Bxe6 Nb3 60. f4 Nc5 61. Bf5 Bc4 62. Ra3 Bb3 63. Kh4 d4 0-1

[Event "UKR-ch qual"]
[Site "Alushta"]
[Date "2007.05.14"]
[Round "4"]
[White "Posokhov, Dmitry"]
[Black "Strelnikov, Sergey"]
[Result "0-1"]
[WhiteElo "2298"]
[BlackElo "2339"]
[PlyCount "60"]
[EventDate "2007.05.11"]
[EventType "swiss"]
[EventRounds "9"]
[EventCountry "UKR"]
[SourceTitle "EXT 2008"]
[Source "ChessBase"]
[SourceDate "2007.11.25"]
[SourceVersion "1"]
[SourceVersionDate "2007.11.25"]
[SourceQuality "1"]

1. e4 c5 2. Nf3 e6 3. d4 cxd4 4. Nxd4 a6 5. Bd3 Nf6 6. 0-0 Qc7 7. Re1 d6 8. c4 Be7 9. b3 0-0 10. Bb2 b6 11. Qf3 Nbd7 12. Qg3 Bb7 13. Nc3 Rfe8 14. Rad1 g6 15. Bb1 Rac8 16. Kh1 Bf8 17. f4 Nh5 18. Qf2 Nxf4 19. Qxf4 e5 20. Qf2 exd4 21. Qxd4 Ne5 22. Na4 b5 23. cxb5 axb5 24. Nc3 b4 25. Nb5 Qb8 26. Bd3 d5 27. exd5 Bc5 28. Qh4 Nxd3 29. Rxe8+ Rxe8 30. Rxd3 Qf4 0-1

[Event "UKR-ch qual"]
[Site "Alushta"]
[Date "2007.05.11"]
[Round "1"]
[White "Chernoukhov, Alexandr"]
[Black "Posokhov, Dmitry"]
[Result "0-1"]
[WhiteElo "1895"]
[BlackElo "2298"]
[PlyCount "110"]
[EventDate "2007.05.11"]
[EventType "swiss"]
[EventRounds "9"]
[EventCountry "UKR"]
[SourceTitle "EXT 2008"]
[Source "ChessBase"]
[SourceDate "2007.11.25"]
[SourceVersion "1"]
[SourceVersionDate "2007.11.25"]
[SourceQuality "1"]

1. e4 Nf6 2. e5 Nd5 3. d4 Nb6 4. c4 d6 5. exd6 cxd6 6. Bd3 g6 7. Be3 Bg7 8. Nc3 Nc6 9. Nge2 0-0 10. Rc1 Nb4 11. Ng3 d5 12. cxd5 Nxd3+ 13. Qxd3 Nxd5 14. 0-0 Be6 15. Nxd5 Qxd5 16. b3 Rfd8 17. Rfd1 Rac8 18. Qe4 Qd7 19. Rxc8 Rxc8 20. d5 b6 21. Bd4 Bxd5 22. Bxg7 Bxe4 23. Rxd7 Rc1+ 24. Nf1 Kxg7 25. f3 Bf5 26. Rd2 b5 27. Kf2 a5 28. Ne3 Be6 29. Ke2 Ra1 30. Kd3 Kf6 31. Kd4 a4 32. Nd5+ Bxd5 33. Kxd5 axb3 34. axb3 Rb1 35. Rd3 Rb2 36. g4 Rxh2 37. Kc5 h5 38. Kxb5 hxg4 39. fxg4 Kg5 40. Rd7 Re2 41. Rd4 e5 42. Rd7 f5 43. gxf5 gxf5 44. Rf7 e4 45. Kc5 Rb2 46. b4 e3 47. Re7 f4 48. Kc4 Kg4 49. Kc3 Rd2 50. b5 Rd6 51. Kc4 Kf3 52. Kc5 Rd1 53. b6 e2 54. b7 Rb1 55. Kc6 Kf2 0-1

[Event "Kharkov Glassy Stream"]
[Site "Kharkov"]
[Date "2006.09.22"]
[Round "1"]
[White "Simantsev, Mikhail"]
[Black "Posokhov, Dmitry"]
[Result "1-0"]
[WhiteElo "2373"]
[BlackElo "2273"]
[PlyCount "115"]
[EventDate "2006.09.22"]
[EventType "tourn"]
[EventRounds "11"]
[EventCountry "UKR"]
[EventCategory "4"]
[SourceTitle "CBM 114 Extra"]
[Source "ChessBase"]
[SourceDate "2006.11.03"]
[SourceVersion "1"]
[SourceVersionDate "2006.11.03"]
[SourceQuality "1"]

1. d4 d5 2. Nf3 Nf6 3. e3 Bg4 4. c4 c6 5. Nc3 Nbd7 6. Be2 e6 7. 0-0 Bd6 8. h3 Bh5 9. b3 0-0 10. Bb2 Qe7 11. Rc1 Rfd8 12. Re1 Rac8 13. Nd2 Bg6 14. Bf3 Bb4 15. e4 dxe4 16. Ndxe4 Nc5 17. Nxc5 Bxc5 18. Na4 Bb4 19. Re2 Qd6 20. a3 Ba5 21. Nc5 Rb8 22. g3 Bb6 23. b4 Qf8 24. Qb3 Ne8 25. Rd1 Nd6 26. g4 Ne8 27. Bg2 Bc7 28. d5 cxd5 29. cxd5 exd5 30. Rxd5 Bd6 31. Qe3 b6 32. Nb3 Nc7 33. Rdd2 Ne6 34. Be5 Bxe5 35. Qxe5 Bd3 36. Re3 Bc4 37. Qc3 Rbc8 38. Nd4 Nf4 39. Nc6 Nxg2 40. Rxd8 Rxd8 41. Ne7+ Kh8 42. Kxg2 Be6 43. Nc6 Rc8 44. b5 a6 45. a4 axb5 46. axb5 Bd5+ 47. f3 h6 48. Re2 Qd6 49. Qd4 Rxc6 50. Re8+ Kh7 51. Qd3+ Qg6 52. Qxd5 Rd6 53. Qe4 f5 54. Qe5 fxg4 55. hxg4 Rd2+ 56. Kg3 Qc2 57. Re7 Rg2+ 58. Kh3 1-0

[Event "Minsk Inautomarket op"]
[Site "Minsk"]
[Date "2005.07.10"]
[Round "1"]
[White "Amonatov, Farrukh"]
[Black "Posokhov, Dmitry"]
[Result "1-0"]
[WhiteElo "2584"]
[BlackElo "2243"]
[PlyCount "73"]
[EventDate "2005.07.06"]
[EventType "swiss"]
[EventRounds "9"]
[EventCountry "BLR"]
[SourceTitle "CBM 107 Extra"]
[Source "ChessBase"]
[SourceDate "2005.09.01"]
[SourceVersion "1"]
[SourceVersionDate "2005.09.01"]
[SourceQuality "1"]

1. e4 e5 2. Nf3 Nc6 3. d4 exd4 4. Nxd4 Bb4+ 5. c3 Bc5 6. Nxc6 bxc6 7. Nd2 Qf6 8. Qf3 d6 9. Bd3 Bd7 10. 0-0 Qxf3 11. Nxf3 Nf6 12. h3 h6 13. e5 Nd5 14. b4 Bb6 15. Bd2 a5 16. a3 0-0 17. c4 Ne7 18. Bf4 Bf5 19. Bxf5 Nxf5 20. Rad1 axb4 21. axb4 c5 22. exd6 cxb4 23. dxc7 g5 24. Bh2 Rfc8 25. Rd7 b3 26. c5 Ba5 27. Rb1 Ra7 28. Rxb3 Bxc7 29. Bxc7 Raxc7 30. Rxc7 Rxc7 31. Rc3 f6 32. g4 Nd6 33. c6 Nf7 34. Kf1 Ne5 35. Nxe5 fxe5 36. Ke2 Kf7 37. Ke3 1-0

[Event "UKR-ch U20 sf"]
[Site "Kharkov"]
[Date "2004.12.12"]
[Round "2"]
[White "Solomaha, Andrey"]
[Black "Posokhov, Dmitry"]
[Result "1-0"]
[WhiteElo "2384"]
[BlackElo "2250"]
[PlyCount "87"]
[EventDate "2004.12.11"]
[EventType "swiss"]
[EventRounds "9"]
[EventCountry "UKR"]
[SourceTitle "EXT 2006"]
[Source "ChessBase"]
[SourceDate "2005.11.24"]
[SourceVersion "1"]
[SourceVersionDate "2005.11.24"]
[SourceQuality "1"]

1. e4 e5 2. d4 exd4 3. Qxd4 Nc6 4. Qe3 Bb4+ 5. Nc3 d6 6. Bd2 Nf6 7. 0-0-0 Qe7 8. Qg5 0-0 9. f3 Qe5 10. Nge2 Be6 11. a3 Qxg5 12. Bxg5 Ba5 13. Bxf6 gxf6 14. Nd5 f5 15. exf5 Bxd5 16. Rxd5 Rfe8 17. Ng3 Re5 18. Bc4 Bb6 19. c3 Rae8 20. Ne4 Kg7 21. Rhd1 Nb8 22. Kc2 Be3 23. Rxe5 Rxe5 24. g4 Nd7 25. Ng3 Nf6 26. Re1 d5 27. Ba2 c6 28. Kd3 Bf4 29. Rxe5 Bxe5 30. g5 Nd7 31. Ke3 f6 32. f4 Bd6 33. c4 dxc4 34. Bxc4 fxg5 35. fxg5 Kf8 36. Ke4 Ne5 37. Be6 Ng4 38. f6 Nxh2 39. Nf5 Bc7 40. g6 hxg6 41. Nh4 Bd6 42. Nxg6+ Ke8 43. f7+ Kd8 44. Bh3 1-0

[Event "Kiev Independence Cup-A 4th"]
[Site "Kiev"]
[Date "2004.08.20"]
[Round "10"]
[White "Troshchenko, Pavel"]
[Black "Posokhov, Dmitry"]
[Result "1/2-1/2"]
[WhiteElo "2311"]
[BlackElo "2233"]
[PlyCount "75"]
[EventDate "2004.08.11"]
[EventType "swiss"]
[EventRounds "11"]
[EventCountry "UKR"]
[SourceTitle "EXT 2005"]
[Source "ChessBase"]
[SourceDate "2004.11.15"]
[SourceVersion "1"]
[SourceVersionDate "2004.11.15"]
[SourceQuality "1"]

1. e4 Nf6 2. e5 Nd5 3. g3 d6 4. exd6 exd6 5. Bg2 Nf6 6. d4 d5 7. Nf3 Bd6 8. 0-0 0-0 9. Ne5 Re8 10. Re1 Nbd7 11. Bf4 Nf8 12. Nd2 c6 13. c4 dxc4 14. Ndxc4 Bb4 15. Re2 Nd5 16. Qb3 Ne6 17. Be3 Nec7 18. a3 Bf8 19. Na5 f6 20. Nd3 Nb5 21. Nf4 Qxa5 22. Bd2 Qd8 23. Nxd5 Be6 24. Rxe6 Nxd4 25. Rxe8 Nxb3 26. Rxd8 Rxd8 27. Rd1 cxd5 28. Be3 d4 29. Bxb7 Bc5 30. Ba6 Kf8 31. Rd3 Rd6 32. Rxb3 dxe3 33. Bf1 exf2+ 34. Kg2 Bb6 35. Rd3 Ke7 36. Rxd6 Kxd6 37. Bd3 Ke5 38. Bxh7 1/2-1/2

[Event "Kharkov op"]
[Site "Kharkov"]
[Date "2004.07.16"]
[Round "8"]
[White "Posokhov, Dmitry"]
[Black "Jarovinsky, Alexey"]
[Result "1-0"]
[WhiteElo "2233"]
[BlackElo "2368"]
[PlyCount "73"]
[EventDate "2004.07.08"]
[EventType "swiss"]
[EventRounds "9"]
[EventCountry "UKR"]
[SourceTitle "CBM 101 Extra"]
[Source "ChessBase"]
[SourceDate "2004.09.01"]
[SourceVersion "2"]
[SourceVersionDate "2004.09.01"]
[SourceQuality "1"]

1. e4 e6 2. d4 d5 3. exd5 exd5 4. Bd3 Bd6 5. Qf3 Nf6 6. h3 0-0 7. Ne2 Nbd7 8. 0-0 c5 9. Nbc3 c4 10. Bf5 Nb6 11. Bxc8 Rxc8 12. Bg5 h6 13. Bxf6 Qxf6 14. Qxf6 gxf6 15. Ng3 Bxg3 16. fxg3 Rc6 17. Rae1 Re6 18. g4 Kg7 19. Rd1 Rd8 20. Rf5 Nc8 21. Nxd5 Nd6 22. Nf4 Nxf5 23. Nxe6+ fxe6 24. gxf5 e5 25. c3 exd4 26. Rxd4 Rxd4 27. cxd4 Kf7 28. Kf2 Ke7 29. Ke3 Kd6 30. a4 Kd5 31. g4 b6 32. h4 a6 33. Kd2 Ke4 34. Kc3 b5 35. axb5 axb5 36. Kb4 Kxd4 37. g5 1-0

[Event "Kharkov op"]
[Site "Kharkov"]
[Date "2004.07.15"]
[Round "7"]
[White "Truskavetsky, Alexandr"]
[Black "Posokhov, Dmitry"]
[Result "1/2-1/2"]
[WhiteElo "2387"]
[BlackElo "2233"]
[PlyCount "90"]
[EventDate "2004.07.08"]
[EventType "swiss"]
[EventRounds "9"]
[EventCountry "UKR"]
[SourceTitle "CBM 101 Extra"]
[Source "ChessBase"]
[SourceDate "2004.09.01"]
[SourceVersion "2"]
[SourceVersionDate "2004.09.01"]
[SourceQuality "1"]

1. d4 f5 2. h3 Nf6 3. g4 d5 4. g5 Ne4 5. Nf3 e6 6. Rg1 c5 7. c3 Nc6 8. a3 Qb6 9. e3 c4 10. Nbd2 Bd7 11. Rb1 Na5 12. Nxe4 fxe4 13. Ne5 g6 14. f3 Bd6 15. Nxd7 Kxd7 16. fxe4 dxe4 17. Qg4 Rhf8 18. b4 cxb3 19. c4 Bh2 20. Rg2 Bc7 21. Bd2 Rf5 22. Qxe4 Qc6 23. Bd3 Qxe4 24. Bxe4 Rf7 25. Bxa5 Bxa5+ 26. Ke2 Rc8 27. c5 b6 28. c6+ Kd6 29. Rxb3 Rcf8 30. Rb1 e5 31. dxe5+ Kxe5 32. Rb5+ Kd6 33. Rd5+ Kc7 34. Kd3 Re7 35. h4 Rfe8 36. Rd7+ Rxd7+ 37. cxd7 Rd8 38. Kc2 Rxd7 39. h5 gxh5 40. Rh2 Re7 41. Bd3 Re5 42. Rxh5 h6 43. Rxh6 Rxg5 44. Rh7+ Kd6 45. Rxa7 Rg2+ 1/2-1/2

[Event "UKR-ch sf"]
[Site "Alushta"]
[Date "2004.05.08"]
[Round "5"]
[White "Ljukin, Sergei"]
[Black "Posokhov, Dmitry"]
[Result "1-0"]
[WhiteElo "2365"]
[BlackElo "2233"]
[PlyCount "75"]
[EventDate "2004.05.04"]
[EventType "swiss"]
[EventRounds "9"]
[EventCountry "UKR"]
[SourceTitle "EXT 2005"]
[Source "ChessBase"]
[SourceDate "2004.11.15"]
[SourceVersion "1"]
[SourceVersionDate "2004.11.15"]
[SourceQuality "1"]

1. e4 Nf6 2. e5 Nd5 3. d4 d6 4. Nf3 Bg4 5. Be2 c6 6. h3 Bxf3 7. Bxf3 dxe5 8. dxe5 e6 9. 0-0 Nd7 10. Qe2 Bc5 11. c3 a5 12. a4 Ne7 13. Nd2 Ng6 14. Nc4 Qc7 15. Re1 0-0 16. Bh5 Nb6 17. Nd2 Rad8 18. Ne4 Rd5 19. Bxg6 fxg6 20. Nxc5 Rxc5 21. Be3 Rd5 22. c4 Rdd8 23. Bc5 Rf5 24. g4 Rf7 25. Bd6 Qc8 26. b3 c5 27. Qd2 Rf3 28. Re3 Rxe3 29. Qxe3 Nd7 30. Rd1 b6 31. Rd3 Nb8 32. Qf4 Nc6 33. Rf3 Nd4 34. Qf7+ Kh8 35. Rf6 gxf6 36. Be7 Nf3+ 37. Kg2 Nh4+ 38. Kh2 1-0

[Event "UKR-ch sf"]
[Site "Alushta"]
[Date "2004.05.04"]
[Round "1"]
[White "Posokhov, Dmitry"]
[Black "Kryvoruchko, Yuriy"]
[Result "0-1"]
[WhiteElo "2233"]
[BlackElo "2405"]
[PlyCount "78"]
[EventDate "2004.05.04"]
[EventType "swiss"]
[EventRounds "9"]
[EventCountry "UKR"]
[SourceTitle "EXT 2005"]
[Source "ChessBase"]
[SourceDate "2004.11.15"]
[SourceVersion "1"]
[SourceVersionDate "2004.11.15"]
[SourceQuality "1"]

1. e4 c5 2. Nf3 Nc6 3. d4 cxd4 4. Nxd4 Nf6 5. Nc3 e5 6. Ndb5 d6 7. Bg5 a6 8. Na3 b5 9. Nd5 Be7 10. Bxf6 Bxf6 11. c3 0-0 12. Nc2 Bg5 13. a4 bxa4 14. Rxa4 a5 15. Bc4 Rb8 16. b3 Kh8 17. 0-0 f5 18. exf5 Bxf5 19. Nce3 Bg6 20. Qe2 Qd7 21. Qg4 Qxg4 22. Nxg4 e4 23. Nc7 Rfc8 24. Ne6 Bd2 25. Rd1 Bxc3 26. Rxd6 Be8 27. Ra2 a4 28. Rxa4 Ne5 29. Be2 Bxa4 30. bxa4 Rb2 31. Bd1 Nxg4 32. Bxg4 Be1 33. f4 e3 34. Kf1 Bb4 35. Rd1 Rf2+ 36. Kg1 Rd2 37. Kf1 Rf2+ 38. Kg1 Ba5 39. Rb1 Rb2 0-1

[Event "UKR-ch sf U20"]
[Site "Ternopol"]
[Date "2003.12.19"]
[Round "9"]
[White "Tishin, Dmitry"]
[Black "Posokhov, Dmitry"]
[Result "1-0"]
[WhiteElo "2310"]
[BlackElo "2273"]
[PlyCount "63"]
[EventDate "2003.12.11"]
[EventType "swiss"]
[EventRounds "9"]
[EventCountry "UKR"]
[SourceTitle "EXT 2008"]
[Source "ChessBase"]
[SourceDate "2007.11.25"]
[SourceVersion "1"]
[SourceVersionDate "2007.11.25"]
[SourceQuality "1"]

1. d4 d5 2. c4 e6 3. Qc2 c6 4. Nf3 f5 5. g4 fxg4 6. Ne5 dxc4 7. Be3 Nf6 8. Nc3 Nbd7 9. Nxc4 Nd5 10. 0-0-0 N7b6 11. Ne5 Nxe3 12. fxe3 Qg5 13. Kb1 Nd5 14. Nxd5 exd5 15. e4 Bd6 16. exd5 Bxe5 17. dxe5 cxd5 18. e4 0-0 19. exd5 Qxe5 20. Bd3 Bf5 21. d6 Rad8 22. Rhe1 Bxd3 23. Qxd3 Qf5 24. Re4 b5 25. Rde1 Rd7 26. Ka1 h5 27. a3 Rf6 28. Qb3+ Kh7 29. Re5 Qg6 30. Qxb5 Rdxd6 31. Rxh5+ Kg8 32. Qb3+ 1-0

[Event "UKR-ch sf U20"]
[Site "Ternopol"]
[Date "2003.12.13"]
[Round "3"]
[White "Posokhov, Dmitry"]
[Black "Ipatov, Alexander"]
[Result "1-0"]
[WhiteElo "2273"]
[BlackElo "2178"]
[PlyCount "51"]
[EventDate "2003.12.11"]
[EventType "swiss"]
[EventRounds "9"]
[EventCountry "UKR"]
[SourceTitle "EXT 2008"]
[Source "ChessBase"]
[SourceDate "2007.11.25"]
[SourceVersion "1"]
[SourceVersionDate "2007.11.25"]
[SourceQuality "1"]

1. f4 e5 2. fxe5 d6 3. Nf3 dxe5 4. e4 Bd6 5. Bc4 Bc5 6. b4 Bxb4 7. 0-0 Nf6 8. c3 Bd6 9. d4 0-0 10. Bg5 Nbd7 11. Nbd2 h6 12. Bh4 c5 13. Bxf6 gxf6 14. Nh4 Nb6 15. d5 f5 16. Nxf5 Bxf5 17. Rxf5 f6 18. Qh5 Kh7 19. Raf1 Qe7 20. Be2 Rf7 21. Nf3 Rg7 22. Nh4 Rf8 23. Qxh6+ Kg8 24. Ng6 Rxg6 25. Qxg6+ Qg7 26. Rxf6 1-0

[Event "Kharkov Caissa op"]
[Site "Kharkov"]
[Date "2003.01.28"]
[Round "7"]
[White "Poluektov, Yury1111"]
[Black "Posokhov, Dmitry"]
[Result "1/2-1/2"]
[WhiteElo "2282"]
[BlackElo "2167"]
[PlyCount "80"]
[EventDate "2003.01.21"]
[EventType "swiss"]
[EventRounds "9"]
[EventCountry "UKR"]
[SourceTitle "CBM 092 Extra"]
[Source "ChessBase"]
[SourceDate "2003.03.07"]
[SourceVersion "1"]
[SourceVersionDate "2003.03.07"]
[SourceQuality "1"]

1. d4 f5 2. Nf3 Nf6 3. g3 e6 4. Bg2 d5 5. c4 c6 6. Bf4 Be7 7. 0-0 0-0 8. Nbd2 Ne4 9. Rc1 Nd7 10. Qc2 g5 11. Be5 g4 12. Ne1 Nxe5 13. dxe5 Bg5 14. e3 Nxd2 15. Qxd2 d4 16. Qe2 dxe3 17. f4 gxf3 18. Nxf3 Bh6 19. Rcd1 Bd7 20. Rd4 Qe7 21. Rfd1 Be8 22. Rh4 Bg7 23. Qxe3 Rd8 24. Rxd8 Qxd8 25. Ng5 Qd1+ 26. Bf1 Bf7 27. Nxh7 Rd8 28. Nf6+ Bxf6 29. exf6 Qd2 30. Qa3 a6 31. Qe7 Rd7 32. Qa3 e5 33. Qf3 Qg5 34. c5 Qxf6 35. Qe3 Kg7 36. b3 Bg6 37. Qh6+ Kf7 38. Rc4 Rd1 39. Rc1 Qd8 40. Rxd1 Qxd1 1/2-1/2

[Event "Kharkov Caissa op"]
[Site "Kharkov"]
[Date "2003.01.25"]
[Round "5"]
[White "Tugaj, Sergey"]
[Black "Posokhov, Dmitry"]
[Result "0-1"]
[WhiteElo "2297"]
[BlackElo "2167"]
[PlyCount "80"]
[EventDate "2003.01.21"]
[EventType "swiss"]
[EventRounds "9"]
[EventCountry "UKR"]
[SourceTitle "CBM 092 Extra"]
[Source "ChessBase"]
[SourceDate "2003.03.07"]
[SourceVersion "1"]
[SourceVersionDate "2003.03.07"]
[SourceQuality "1"]

1. e4 Nf6 2. Nc3 d5 3. exd5 Nxd5 4. Bc4 e6 5. Nf3 Be7 6. 0-0 0-0 7. d4 b6 8. Re1 Bb7 9. Ne4 Nd7 10. Bg5 N7f6 11. Ng3 h6 12. Bd2 c5 13. c3 Qc7 14. Qe2 Bd6 15. Ne5 Rfd8 16. Rac1 Qe7 17. a4 Rac8 18. Bd3 Bb8 19. c4 Nc7 20. dxc5 bxc5 21. Bc3 Nce8 22. Bc2 Ba6 23. Ng4 Nxg4 24. Qxg4 Qg5 25. Qe4 Nf6 26. Bxf6 Qxf6 27. Qh7+ Kf8 28. Nf5 g6 29. Qxh6+ Kg8 30. Ne7+ Qxe7 31. Bxg6 f6 32. Bf5 Rc6 33. Re3 Bxc4 34. Re4 Rd4 35. Qg6+ Kf8 36. Qh5 Qg7 37. Rxc4 Rxc4 38. Rxc4 exf5 39. Qxf5 Qg5 40. Qd7 Rd6 0-1

[Event "Kharkov Caissa op"]
[Site "Kharkov"]
[Date "2003.01.22"]
[Round "2"]
[White "Posokhov, Dmitry"]
[Black "Vasilyev, Mikhail"]
[Result "1-0"]
[WhiteElo "2167"]
[BlackElo "2363"]
[PlyCount "105"]
[EventDate "2003.01.21"]
[EventType "swiss"]
[EventRounds "9"]
[EventCountry "UKR"]
[SourceTitle "CBM 092 Extra"]
[Source "ChessBase"]
[SourceDate "2003.03.07"]
[SourceVersion "1"]
[SourceVersionDate "2003.03.07"]
[SourceQuality "1"]

1. e4 c5 2. Nf3 Nc6 3. d4 cxd4 4. Nxd4 g6 5. Nc3 Bg7 6. Nb3 Nf6 7. Be2 0-0 8. 0-0 d6 9. Re1 a5 10. a4 Be6 11. Bf1 Rc8 12. Nd5 Nb4 13. Nxb4 axb4 14. Nd4 Bd7 15. h3 Qc7 16. Bd3 Ra8 17. Bd2 Rxa4 18. Rxa4 Bxa4 19. Bxb4 Nd7 20. Bc3 Qb6 21. Ne2 Ne5 22. Nf4 e6 23. Qa1 Bb5 24. Bxb5 Qxb5 25. Rd1 Qc4 26. Rxd6 Qxe4 27. Nd3 Rc8 28. Qa5 Nc4 29. Rd8+ Bf8 30. Rxc8 Nxa5 31. Bxa5 Kg7 32. Bc3+ f6 33. Rc7+ Kg8 34. Bxf6 Bd6 35. Rd7 Qc6 36. Ne5 Bxe5 37. Rg7+ Kf8 38. Bxe5 Qxc2 39. Rxb7 g5 40. b4 Qe4 41. Rb8+ Kf7 42. Bg3 h5 43. b5 h4 44. Bd6 Qe1+ 45. Kh2 Qd2 46. Bc7 Qxf2 47. b6 Qc5 48. Rd8 Qc6 49. Rd6 Qe4 50. Rd7+ Kf8 51. Rd1 e5 52. Bd6+ Kf7 53. Bc5 1-0

[Event "Kharkov Caissa op"]
[Site "Kharkov"]
[Date "2002.01.26"]
[Round "5"]
[White "Kononenko, Dmitry"]
[Black "Posokhov, Dmitry"]
[Result "0-1"]
[WhiteElo "2272"]
[BlackElo "2176"]
[PlyCount "94"]
[EventDate "2002.01.22"]
[EventType "swiss"]
[EventRounds "9"]
[EventCountry "UKR"]
[SourceTitle "CBM 086 Extra"]
[Source "ChessBase"]
[SourceDate "2002.03.14"]
[SourceVersion "1"]
[SourceVersionDate "2002.03.14"]
[SourceQuality "1"]

1. Nf3 f5 2. e4 fxe4 3. Ng5 Nf6 4. d3 e3 5. Bxe3 e5 6. Be2 d5 7. 0-0 Bd6 8. f4 exf4 9. Bxf4 0-0 10. d4 h6 11. Bxd6 Qxd6 12. Nf3 Ng4 13. Ne5 Rxf1+ 14. Qxf1 Nxe5 15. dxe5 Qxe5 16. Nc3 Be6 17. Bd3 Nc6 18. Re1 Rf8 19. Rxe5 Rxf1+ 20. Bxf1 Nxe5 21. Nb5 c6 22. Nd4 Bd7 23. h3 c5 24. Nb3 b6 25. Kf2 Bf5 26. c3 Bd3 27. Nc1 Bxf1 28. Kxf1 Kf7 29. b3 Ke6 30. Ke2 d4 31. cxd4 cxd4 32. Kd2 Kd5 33. Ne2 g5 34. Ng3 g4 35. Nf5 gxh3 36. gxh3 h5 37. h4 Ng6 38. Ke2 Ke5 39. Ng3 Nxh4 40. Nxh5 Nf5 41. Kd3 b5 42. a3 a5 43. Kd2 Nd6 44. Kd3 Ne4 45. b4 a4 46. Kc2 Nd6 47. Kd3 Nc4 0-1

[Event "Kharkov Caissa op"]
[Site "Kharkov"]
[Date "2002.01.23"]
[Round "2"]
[White "Posokhov, Dmitry"]
[Black "Kurochkin, Valery"]
[Result "0-1"]
[WhiteElo "2176"]
[BlackElo "2154"]
[PlyCount "62"]
[EventDate "2002.01.22"]
[EventType "swiss"]
[EventRounds "9"]
[EventCountry "UKR"]
[SourceTitle "CBM 086 Extra"]
[Source "ChessBase"]
[SourceDate "2002.03.14"]
[SourceVersion "1"]
[SourceVersionDate "2002.03.14"]
[SourceQuality "1"]

1. e4 e6 2. d4 d5 3. Nc3 Bb4 4. e5 c5 5. a3 Bxc3+ 6. bxc3 Ne7 7. Bd3 Nbc6 8. Nf3 Qa5 9. Qd2 c4 10. Be2 Qa4 11. 0-0 Bd7 12. Ne1 0-0-0 13. f4 f6 14. Bg4 f5 15. Bd1 Rdg8 16. Kh1 h6 17. Nf3 Nd8 18. Rb1 Nf7 19. Ng1 g6 20. Be2 Rg7 21. Rb4 Qa5 22. Qe1 Nc6 23. Rb2 Rhg8 24. Nh3 g5 25. g4 fxg4 26. Bxg4 gxf4 27. Bf3 Ng5 28. Bxf4 Nxf3 29. Rxf3 Nxd4 30. Rf1 Nf5 31. Be3 d4 0-1